000
00335nam a2200145Ia 4500
003
OSt
005
20240312150139.0
008
170524s9999 xx 000 0 und d
020
_a
9789332575264
040
_c
IIMTU
100
_a
Franch- Wendell L.
245
0
_a
Organization Development
260
_b
NEW DELHI : PHI
942
_2
ddc
_c
02
999
_c
8589
_d
8589